000 00740 a2200193 4500
000 BKB
001 070724
005 20200902150856.0
008
082 _a620.00151
_bI3I
100 1 _aIkeda, Kiyohiro
245 1 _aImperfect bifurcation in structures and materials
_cby Kiyohiro Ikeda and Kazuo Murota
250 _a2nd ed.
260 _aNew York
_bSpringer
_c2010
300 _a517p.
690 _aEngineering mathematics; Structural analysis (Engineering)--Mathematical models; Bifurcation theory; Mechanical engineering; Differentiable dynamical systems; Engineering; Mathematics; Structural analysis (Engineering)
700 _aMurota, Kazuo
_b
_c
964 _a
_bENG
_c
_d
_e
_f
_g
999 _c4152
_d4152